000 00410nam a22001457a 4500
999 _c256761
_d256760
003 OSt
005 20180523134827.0
008 180523b xxu||||| |||| 00| 0 eng d
020 _a9781627797092
040 _cN/A
100 _4 Nathan Thrall
245 _aThe only language they understand
_bForcing compromise in Israel and Palestine
260 _aNew York
_bHenry Holy and company
_c2017
942 _2lcc
_cBK